Základy práva o právu, státě a moci
Saved in:
| Main Author: | |
|---|---|
| Format: | Book |
| Language: | Czech |
| Published: |
Praha
ASPI
2004
|
| Subjects: | |
| Tags: |
No Tags, Be the first to tag this record!
|
MARC
| LEADER | 00000nam$a2200000$$$4500 | ||
|---|---|---|---|
| 001 | 0047621 | ||
| 005 | 20240306141747.6 | ||
| 020 | |a 80-7357-038-6 | ||
| 041 | 0 | |a cze | |
| 044 | |a CZ | ||
| 245 | 1 | 0 | |a Základy práva |b o právu, státě a moci |c Pavel Vařvarovský |
| 264 | 1 | |a Praha |b ASPI |c 2004 | |
| 300 | |a 395 s. | ||
| 610 | 2 | 0 | |a právo |
| 610 | 2 | 0 | |a štát |
| 610 | 2 | 0 | |a Česko |
| 610 | 2 | 0 | |a právo ústavné |
| 610 | 2 | 0 | |a moc zákonodarná |
| 610 | 2 | 0 | |a moc štátna |
| 100 | 1 | |a Vařvarovský, Pavel | |